000 00785pam a2200289 i 4500
999 _c7540
_d7540
001 7540
003 BD - JhCC
005 20181006104201.0
008 741111s1975 nyu 000 1 eng
020 _a0394495136
035 _a(BD - JhCC)7540
035 _a(OCoLC)01104098
035 _aGLIS00012590
040 _aDLC
_cDLC
_dMYG
_dBD - JhCC
041 _aeng
082 _a613
_bHEI 1965
090 _aPS3553.A537
_bL5
099 _aPS3553.A537.L5
245 1 0 _aLiving :
_ba college text in health education /
_cFred V. Hein and Dana L. farnsworth
250 _a1st ed.
260 _aNew York :
_bKnopf,
_c1965.
300 _a227 p. ;
_c22 cm.
650 _aMental health
650 _aPhysiology
942 _2ddc
_cBK